01085nam a22002297a 4500001000500000005001700005020001800022040002900040050001500069082001100084100001600095245002900111250005100140260003300191300003700224505000600261520053100267521001800798521001800816650001200834650000900846182720231107081647.0 a9781407135540 aFISKHbengcFISKHdFISKH aPZ7.W36832 a823.92 aWebb, Holly aHamstermagiccHolly Webb aThis edition published by Scholastic Ltd, 2013 aLondon :bScholastic, c2013 a180, 11 unnumberd pages :c20 cm aM aEleven-year-old Lottie's adventures in her uncle's pet shop continue! Magical cats, silly pink mice, and a bilingual dachshund all make Lottie's new home a perpetually surprising place. Her own magical abilities are growing, but will her powers be enough to stop a new threat in Netherbridge?A new neighbor has come to town, with magic stronger than Lottie's and a mind to make trouble. Fortunately, the pet shop's newest resident, Giles the hamster, is ready to help. Lucky for Lottie, he's bold, bossy, and incredibly brave! a670 bLexile aM bRaz-Plus 2Hamster 2Pets